Regional income accounting in an underdeveloped economy; (Record no. 73861)

MARC details
000 -LEADER
fixed length control field 00846cam a22002651 4500
001 - CONTROL NUMBER
control field sa 67003474
003 - CONTROL NUMBER IDENTIFIER
control field DLC
005 - DATE AND TIME OF LATEST TRANSACTION
control field 20260227112338.0
008 - FIXED-LENGTH DATA ELEMENTS--GENERAL INFORMATION
fixed length control field 720707s1966 ii ab b 000 0 eng
010 ## - LIBRARY OF CONGRESS CONTROL NUMBER
LC control number sa 67003474
025 ## - OVERSEAS ACQUISITION NUMBER
Overseas acquisition number PL480:I-E-7855
035 ## - SYSTEM CONTROL NUMBER
System control number (OCoLC)350552
040 ## - CATALOGING SOURCE
Original cataloging agency DLC
Transcribing agency OClU
Modifying agency OCoLC
-- DLC
042 ## - AUTHENTICATION CODE
Authentication code premarc
050 00 - LIBRARY OF CONGRESS CALL NUMBER
Classification number HC440.I5
Item number C4
082 ## - DEWEY DECIMAL CLASSIFICATION NUMBER
Classification number 339.3/54
100 1# - MAIN ENTRY--PERSONAL NAME
Personal name Chaudhry, Mahinder D.
245 10 - TITLE STATEMENT
Title Regional income accounting in an underdeveloped economy;
Remainder of title a case study of India,
Statement of responsibility, etc. by Mahinder D. Chaudhry. Foreword by Bert F. Hoselitz.
250 ## - EDITION STATEMENT
Edition statement [1st ed.]
260 ## - PUBLICATION, DISTRIBUTION, ETC.
Place of publication, distribution, etc. Calcutta,
Name of publisher, distributor, etc. Firma K.L. Mukhopadhyay,
Date of publication, distribution, etc. 1966.
300 ## - PHYSICAL DESCRIPTION
Extent xiv, 144 p.
Other physical details illus., maps.
Dimensions 26 cm.
504 ## - BIBLIOGRAPHY, ETC. NOTE
Bibliography, etc. note Bibliography: p. [139]-144.
650 #0 - SUBJECT ADDED ENTRY--TOPICAL TERM
Topical term or geographic name entry element Income
Geographic subdivision India
General subdivision States.
650 #0 - SUBJECT ADDED ENTRY--TOPICAL TERM
Topical term or geographic name entry element National income
Geographic subdivision India
General subdivision Accounting.

No items available.

Powered by Koha